| 000 | 01103nam a2200277 i 4500 | ||
|---|---|---|---|
| 003 | DO-SdBNP | ||
| 005 | 20260304092050.0 | ||
| 006 | a||||er|||| 00| 0 | ||
| 007 | ta | ||
| 008 | 230925e2001 dr a|||| |||| 00| p spa d | ||
| 040 |
_aDO-SdBNP _bspa _cBNPHU _erda |
||
| 082 | 4 |
_222 _bG216r |
|
| 100 | 1 |
_aGarcía, José Enrique, _d1948- _eautor _922487 |
|
| 245 | 1 | 0 |
_aRecodo / _cJosé Enrique García; diseño de portada e ilustraciones, Domingo Liz; presentación, Milagros Ortíz Bosch |
| 264 | 1 |
_aSanto Domingo : _bSecretaría de Estado de Educación, _c2001 |
|
| 300 |
_a94 páginas : _bIlustraciones ; _c23 cm. |
||
| 336 |
_2rdacontent _atexto _btxt |
||
| 337 |
_2rdamedia _asin mediación _bn |
||
| 338 |
_2rdacarrier _avolumen _bnc |
||
| 500 | _aLa presente obra obtuvo el Premio Nacional de Poesía "Salomé Ureña de Henríquez" 1999 - 200. | ||
| 590 | _aInventariado 2023 / MF | ||
| 700 | 1 |
_aLiz, Domingo, _9366 _eilustrador |
|
| 700 | 1 | 2 |
_aOrtiz Bosch, Milagros, 1936- _d1936- _epresentación _926797 |
| 710 | 2 |
_aSecretaría de Estado de Educación, República Dominicana _912759 |
|
| 942 |
_2ddc _cLBS1 |
||
| 999 |
_c54933 _d54933 |
||